00336pab a2200121 454500008004000000100002200040245006900062260000900131300001300140362001000153650001700163773003400180180718b2011 xxu||||| |||| 00| 0 eng d aBanerjee, Sumanta aThe mysterious alien: Indian street jugglers in Victorian London c2011 ap.59-65. a2 Apr aUrbanization aEconomic and Political Weekly